000 00410nam a2200133Ia 4500
008 100328s9999 xx 000 0 und d
082 _b10449
100 _aकालेलकर मधुसुदन
245 _aहे फुल चंदनाचे
260 _bरंजना
630 _aहे फुल चंदनाचे
730 _aहे फुल चंदनाचे
942 _cBOOK
999 _c505921
_d505918